Sports Quiz

Random Sports or Baseball Quiz

Blue Jays Single Season Batting Top 10s Quiz Stats

 Plays Quiz not verified by Sporcle

Challenge
Share
Tweet
Embed
Score 0/197 Timer 11:00
0 Plays Today
Statistic Player % Correct
IBBEncarnación (2012), McGriff (2x)...
99.5%
WARJosé Bautista
98.9%
WARJosé Bautista
98.9%
oWARJosé Bautista
98.9%
oWARJosé Bautista
98.9%
oWARJosé Bautista
98.9%
OBPJosé Bautista
98.9%
SLGJosé Bautista
98.9%
SLGJosé Bautista
98.9%
OPS+José Bautista
98.9%
OPS+José Bautista
98.9%
OPS+José Bautista
98.9%
HRJosé Bautista
98.9%
HRJosé Bautista
98.9%
RBIJosé Bautista
98.9%
BBJosé Bautista
98.9%
BBJosé Bautista
98.9%
BBJosé Bautista
98.9%
IBBJosé Bautista
98.9%
HBPDelgado (2x), Stewart (1998)...
96%
WARCarlos Delgado
95.5%
oWARCarlos Delgado
95.5%
oWARCarlos Delgado
95.5%
AVGCarlos Delgado
95.5%
OBPCarlos Delgado
95.5%
OBPCarlos Delgado
95.5%
OBPCarlos Delgado
95.5%
OBPCarlos Delgado
95.5%
SLGCarlos Delgado
95.5%
SLGCarlos Delgado
95.5%
SLGCarlos Delgado
95.5%
SLGCarlos Delgado
95.5%
OPS+Carlos Delgado
95.5%
OPS+Carlos Delgado
95.5%
HCarlos Delgado
95.5%
2BCarlos Delgado
95.5%
HRCarlos Delgado
95.5%
HRCarlos Delgado
95.5%
HRCarlos Delgado
95.5%
RBICarlos Delgado
95.5%
RBICarlos Delgado
95.5%
RBICarlos Delgado
95.5%
RCarlos Delgado
95.5%
RCarlos Delgado
95.5%
RCarlos Delgado
95.5%
BBCarlos Delgado
95.5%
BBCarlos Delgado
95.5%
BBCarlos Delgado
95.5%
BBCarlos Delgado
95.5%
IBBCarlos Delgado
95.5%
IBBCarlos Delgado
95.5%
IBBCarlos Delgado
95.5%
IBBCarlos Delgado
95.5%
IBBCarlos Delgado
95.5%
HBPCarlos Delgado
95.5%
HBPCarlos Delgado
95.5%
OPS+Edwin Encarnación
92%
HREdwin Encarnación
92%
PAJoe Carter
91.9%
RBIJoe Carter
91.9%
RBIJoe Carter
91.9%
SB%Joe Carter
91.9%
SB%Joe Carter
91.9%
PACarlos Delgado
91.9%
WARRoberto Alomar
91.8%
oWARRoberto Alomar
91.8%
Statistic Player % Correct
oWARRoberto Alomar
91.8%
PARoberto Alomar
91.8%
AVGRoberto Alomar
91.8%
OBPRoberto Alomar
91.8%
OBPRoberto Alomar
91.8%
HRoberto Alomar
91.8%
3BRoberto Alomar
91.8%
SBRoberto Alomar
91.8%
SBRoberto Alomar
91.8%
SBRoberto Alomar
91.8%
SB%Roberto Alomar
91.8%
dWARHudson (2003), Gonzalez (1996)...
91.1%
2BWells (2010) & Stewart (2001)
90.1%
WARJohn Olerud
89.4%
oWARJohn Olerud
89.4%
AVGJohn Olerud
89.4%
OBPJohn Olerud
89.4%
SLGJohn Olerud
89.4%
OPS+John Olerud
89.4%
HJohn Olerud
89.4%
2BJohn Olerud
89.4%
BBJohn Olerud
89.4%
IBBJohn Olerud
89.4%
oWARGreen (1999) & Molitor (1993)
88.4%
PAVernon Wells
87.4%
HVernon Wells
87.4%
2BVernon Wells
87.4%
RBIVernon Wells
87.4%
RVernon Wells
87.4%
3BFernandez (3x), Barfield (1985)...
86.5%
PAPaul Molitor
86.1%
AVGPaul Molitor
86.1%
AVGPaul Molitor
86.1%
OBPPaul Molitor
86.1%
HPaul Molitor
86.1%
RPaul Molitor
86.1%
SB%Paul Molitor
86.1%
SB%Paul Molitor
86.1%
SLGGeorge Bell
85.9%
HGeorge Bell
85.9%
HRGeorge Bell
85.9%
RBIGeorge Bell
85.9%
RGeorge Bell
85.9%
dWARTony Fernandez
81.7%
PATony Fernandez
81.7%
PATony Fernandez
81.7%
AVGTony Fernandez
81.7%
AVGTony Fernandez
81.7%
OBPTony Fernandez
81.7%
HTony Fernandez
81.7%
3BTony Fernandez
81.7%
3BTony Fernandez
81.7%
AB/SOTony Fernandez
81.7%
AB/SOTony Fernandez
81.7%
WARShawn Green
78.7%
SLGShawn Green
78.7%
2BShawn Green
78.7%
HRShawn Green
78.7%
RBIShawn Green
78.7%
RShawn Green
78.7%
WARJesse Barfield
78.5%
WARJesse Barfield
78.5%
dWARDevon White
74.7%
PADevon White
74.7%
3BDevon White
74.7%
RDevon White
74.7%
Statistic Player % Correct
RDevon White
74.7%
dWARAaron Hill
74.6%
PAAaron Hill
74.6%
HAaron Hill
74.6%
2BAaron Hill
74.6%
WARFred McGriff
74.4%
oWARFred McGriff
74.4%
OPS+Fred McGriff
74.4%
OPS+Fred McGriff
74.4%
OPS+Fred McGriff
74.4%
BBFred McGriff
74.4%
BBFred McGriff
74.4%
AVGTony Fernandez
73.4%
HShannon Stewart
72%
SBShannon Stewart
72%
AVGShannon Stewart
71.9%
HRJosé Canseco
67.1%
RBIKelly Gruber
66.8%
2BAdam Lind
63.4%
WARLloyd Moseby
62.9%
3BLloyd Moseby
62.9%
SLGAdam Lind
61.7%
dWAROrlando Hudson
59.2%
dWAROrlando Hudson
59.2%
HRTony Batista
56.4%
SB%Rickey Henderson
54.2%
HBPReed Johnson
53%
HBPReed Johnson
53%
HBPReed Johnson
53%
PAAlex Rios
50.9%
HAlex Rios
50.9%
2BAlex Rios
50.9%
RAlex Rios
50.9%
SBRajai Davis
42.6%
SBDámaso García
42.5%
SBDámaso García
42.5%
AB/SODámaso García
42.5%
AB/SODámaso García
42.5%
AB/SODámaso García
42.5%
AB/SODámaso García
42.5%
2BLyle Overbay
42%
SB%José Reyes
40.9%
3BAlfredo Griffin
35.3%
3BAlfredo Griffin
35.3%
IBBWillie Upshaw
33.6%
SBOtis Nixon
32.7%
SBOtis Nixon
32.7%
AVGHomer Bush
29.7%
dWARBrett Lawrie
28.9%
2BEric Hinske
25.6%
SB%Eric Hinske
25.6%
SB%Mookie Wilson
24.1%
3BDave Collins
23.8%
SBDave Collins
23.8%
dWARJohn McDonald
22.8%
HBPShea Hillenbrand
21.9%
dWARYunel Escobar
18.3%
dWARMarco Scutaro
18%
AB/SOBob Bailor
14.1%
AB/SOBob Bailor
14.1%
AB/SOBob Bailor
14.1%
HBPJosh Phelps
10%
AB/SOAl Woods
7.6%
HBPCharlie O'Brien
4.3%
SB%Tom Lawless
3.5%

You're not logged in!

Compare scores with friends on all Sporcle quizzes.
OR
Log In

You Might Also Like...

Show Comments

Extras

Top Quizzes Today


Score Distribution

Your Account Isn't Verified!

In order to create a playlist on Sporcle, you need to verify the email address you used during registration. Go to your Sporcle Settings to finish the process.

Report this User

Report this user for behavior that violates our Community Guidelines.

Details: